| 000 | 00406nam a2200169Ia 4500 | ||
|---|---|---|---|
| 003 | IT-RoPAU | ||
| 008 | 120407s9999 xx 000 0 und d | ||
| 040 | _aIT-RoPAU | ||
| 040 | _cIT-RoPAU | ||
| 100 | _aDenise Lardner Carmody | ||
| 245 | _aPace e giustizia nelle Scritture delle grandi religioni | ||
| 260 | _aDehoniane | ||
| 300 | _c cm | ||
| 490 | _v1 | ||
| 700 | _aJohn Tully Carmody | ||
| 942 | _cBK | ||
| 999 |
_c2490 _d2490 |
||